Das Eine und die Vielen : (Record no. 18155)
[ view plain ]
| 000 -CABECERA | |
|---|---|
| campo de control de longitud fija | 01010cam a22002531 4500 |
| 001 - NÚMERO DE CONTROL | |
| campo de control | 000018635 |
| 005 - FECHA Y HORA DE LA ÚLTIMA TRANSACCIÓN | |
| campo de control | 20250128171937.0 |
| 008 - DATOS DE LONGITUD FIJA--INFORMACIÓN GENERAL | |
| campo de control de longitud fija | 740208s1966 gw 000 e ger |
| 040 ## - FUENTE DE LA CATALOGACIÓN | |
| Centro catalogador/agencia de origen | DO-SdBNP |
| Centro/agencia transcriptor | OClU |
| Centro/agencia modificador | DLC |
| -- | BNPHU |
| 082 ## - NÚMERO DE LA CLASIFICACIÓN DECIMAL DEWEY | |
| Número de clasificación | A864.44 |
| Número de documento/Ítem | B732d |
| 049 ## - FONDOS LOCALES (OCLC) | |
| Fondos de biblioteca | BNGR |
| 100 1# - ENTRADA PRINCIPAL--NOMBRE DE PERSONA | |
| Nombre de persona | Borges, Jorge Luis, |
| Fechas asociadas al nombre | 1899-1986 |
| 9 (RLIN) | 4173 |
| 240 10 - TÍTULO UNIFORME | |
| Título uniforme | Essays. |
| Lenguaje de la obra | German. |
| Subencabezamiento de forma | Selections |
| 245 14 - MENCIÓN DE TÍTULO | |
| Título | Das Eine und die Vielen : |
| Resto del título | Essays zur Literatur / |
| Mención de responsabilidad, etc. | Jorge Luis Borges ; traducción Karl August Horst. |
| 260 ## - PUBLICACIÓN, DISTRIBUCIÓN, ETC. | |
| Lugar de publicación, distribución, etc. | München : |
| Nombre del editor, distribuidor, etc. | Carl Hanzer, |
| Fecha de publicación, distribución, etc. | 1966. |
| 300 ## - DESCRIPCIÓN FÍSICA | |
| Extensión | 281p. ; |
| Dimensiones | 21cm. |
| 500 ## - NOTA GENERAL | |
| Nota general | Ensayos seleccionados de: Historia de la eternidad, Discusión, y la Inquisición, etc. |
| 500 ## - NOTA GENERAL | |
| Nota general | Los ensayos restantes de estos tres trabajos han sido publicados por separado en la historia del título de la eternidad. |
| 650 #4 - PUNTO DE ACCESO ADICIONAL DE MATERIA--TÉRMINO DE MATERIA | |
| Término de materia o nombre geográfico como elemento de entrada | Ensayos argentinos |
| 9 (RLIN) | 10689 |
| 650 #4 - PUNTO DE ACCESO ADICIONAL DE MATERIA--TÉRMINO DE MATERIA | |
| Término de materia o nombre geográfico como elemento de entrada | Literatura argentina |
| 9 (RLIN) | 3860 |
| 650 #4 - PUNTO DE ACCESO ADICIONAL DE MATERIA--TÉRMINO DE MATERIA | |
| Término de materia o nombre geográfico como elemento de entrada | Literatura moderna |
| 9 (RLIN) | 16312 |
| 700 1# - PUNTO DE ACCESO ADICIONAL--NOMBRE DE PERSONA | |
| Nombre de persona | Horst, Karl August, |
| Término indicativo de función/relación | tr. |
| 9 (RLIN) | 40270 |
| 910 ## - DATOS DE OPCIÓN DEL USUARIO (OCLC) | |
| Datos de opción del usuario | Catalogación derivada / LC |
| Estado de retiro | Estado de pérdida | Restricciones de uso | No para préstamo | Código de colección | Localización permanente | Ubicación/localización actual | Ubicación en estantería | Fecha de adquisición | Número de inventario | Total de préstamos | Signatura topográfica completa | Código de barras | Fecha visto por última vez | Precio válido a partir de | Tipo de ítem Koha |
|---|---|---|---|---|---|---|---|---|---|---|---|---|---|---|---|
| Excluido de préstamo | Monografías: Libros y Folletos | General | General | En catalogación | 12.05.2010 | LF1 | A864.44 B732d | 18635-10 | 25.06.2020 | 25.06.2020 | No se presta |
